[Event "43rd Capablanca Memorial Open"]
[Site "Havana CUB"]
[Date "2008.05.10"]
[Round "3"]
[White "Lebredo Zaragoitia,G"]
[Black "Garcia Carey,O"]
[Result "1-0"]
[WhiteElo "2246"]
[BlackElo "2376"]

1.Nf3 Nf6 2.d4 e6 3.c4 c5 4.d5 exd5 5.cxd5 d6 6.Nc3 g6 7.e4 Bg7 8.Bd3 O-O
9.h3 Na6 10.O-O Nc7 11.Re1 a6 12.a4 Rb8 13.a5 b5 14.axb6 Rxb6 15.Nd2 Rb4
16.Nc4 Nfe8 17.Na2 Rb8 18.Bd2 Nb5 19.Nc3 Qh4 20.e5 Bb7 21.Re4 Qd8 22.Nxb5 axb5
23.Ba5 Qd7 24.Nb6 Qe7 25.Bxb5 dxe5 26.Nd7 Nd6 27.Nxb8 Rxb8 28.Bd3 Nxe4 29.Bxe4 Qd6
30.g4 Bc8 31.Bc3 f5 32.gxf5 gxf5 33.Bg2 e4 34.Qd2 Bh6 35.Be5 Qxe5 36.Qxh6 Qxd5
37.Qg5+ Kf7 38.Qh5+ Kg7 39.Rd1 Qf7 40.Qg5+ Qg6 41.Qe7+  1-0

[Event "11th IHEM"]
[Site "Hamburg GER"]
[Date "2008.05.14"]
[Round "5"]
[White "Strobel,H"]
[Black "Colpe,M"]
[Result "1/2-1/2"]
[WhiteElo "2241"]
[BlackElo "2089"]

1.d4 Nf6 2.c4 e6 3.Nf3 c5 4.d5 exd5 5.cxd5 d6 6.Nc3 g6 7.Nd2 a6 8.a4 Nbd7
9.e4 Bg7 10.Be2 O-O 11.O-O Re8 12.Qc2 Qc7 13.h3 Rb8 14.a5 b5 15.axb6 Nxb6
16.Ra3 c4 17.Re1 Nfd7 18.Na4 Nxa4 19.Rxa4 c3 20.bxc3 Qxc3 21.Rc4 Qxc2 22.Rxc2 Nc5
23.Ba3 Bd4 24.Rc4 Be5 25.Bxc5 dxc5 26.Rxc5 Bf4 27.Rc2 Bxd2 28.Rxd2 Rxe4 29.d6 Bd7
30.Rc1 a5 31.Rc7 Rd8 32.Bc4 Be6 33.Bxe6 Rxe6 34.d7 Kf8 35.Ra7  1/2-1/2

[Event "43rd Capablanca Memorial Open"]
[Site "Havana CUB"]
[Date "2008.05.17"]
[Round "10"]
[White "Vilela de Acuna,J"]
[Black "Corrales Jimenez,F"]
[Result "1/2-1/2"]
[WhiteElo "2345"]
[BlackElo "2502"]

1.d4 Nf6 2.Nf3 c5 3.d5 e6 4.c4 exd5 5.cxd5 d6 6.Nc3 g6 7.e4 Bg7 8.h3 O-O
9.Bd3 b5 10.Bxb5 Nxe4 11.Nxe4 Qa5+ 12.Nfd2 Qxb5 13.Nxd6 Qd3 14.N2c4 Qxd1+
15.Kxd1 Ba6 16.Bg5 f6 17.Bf4 Nd7 18.Kc2 Rfd8 19.a4 g5 20.Bg3 f5 21.f4 Nf6
22.Rad1 Nxd5 23.Rxd5 Bxc4 24.Rxc5 Be2 25.Re1 Rab8 26.b3 Bd3+ 27.Kxd3 Rxb3+
28.Kc4 Rc3+ 29.Kb4 a5+ 30.Kb5 Rxg3 31.Rxf5 Rb3+ 32.Kc6 Rc3+ 33.Kb5 Rb3+ 34.Kc6 gxf4
35.Re8+ Rxe8 36.Nxe8 Bh6 37.Nf6+ Kg7 38.Ng4 Rg3 39.Nxh6 Kxh6 40.Rxf4 Rxg2
41.Kb6 Kg5 42.Rf3 Rb2+ 43.Kxa5 h5 44.Ka6 h4 45.Rc3 Kf4 46.a5 Rb4 47.Ka7 Ke5
48.Rc6 Rb3 49.a6 Rxh3 50.Kb7 Ra3 51.Rh6 Rb3+ 52.Rb6 Ra3 53.a7 Rxa7+ 54.Kxa7 Kf4
55.Rb3 Kg4 56.Kb6 h3 57.Kc5 h2 58.Rb1 Kf3 59.Kd4 Kg2 60.Rb2+ Kg3 61.Rb1 Kg2  1/2-1/2

[Event "LXXII ch-CRC Fase 1"]
[Site "Moravia CRC"]
[Date "2008.05.17"]
[Round "1"]
[White "Vargas Serano,P"]
[Black "Jimenez,Alo"]
[Result "0-1"]
[WhiteElo "1829"]
[BlackElo "2110"]

1.d4 Nf6 2.c4 c5 3.d5 e6 4.Nc3 exd5 5.cxd5 d6 6.Nf3 g6 7.Bf4 a6 8.e4 Qe7
9.Be2 Nbd7 10.O-O Bg7 11.Nd2 O-O 12.a4 Rb8 13.Bg3 Ne8 14.Re1 g5 15.Nf3 Ne5
16.Qc1 Nxf3+ 17.Bxf3 h6 18.Qd2 Be5 19.Nd1 Nf6 20.h4 Nd7 21.hxg5 Qxg5 22.Qxg5+ hxg5
23.Bxe5 Nxe5 24.Be2 Kg7 25.Ne3 f5 26.exf5 Bxf5 27.Nxf5+ Rxf5 28.f3 a5 29.Bb5 Rh8
30.Ra3 Rh4 31.Rb3 Rb4 32.Rxb4 axb4 33.Re4 b6 34.Kh2 Rf4 35.Kg3 Rxe4 36.fxe4 c4
37.a5 bxa5 38.Ba4 Nd3 39.Bc2 Nxb2 40.Kg4 b3 41.Bb1 c3  0-1

[Event "XXVII Open"]
[Site "Zalakarosi HUN"]
[Date "2008.05.23"]
[Round "2"]
[White "Lenz,A"]
[Black "Kercsmarics,J"]
[Result "1-0"]
[WhiteElo "2215"]
[BlackElo "2087"]

1.d4 Nf6 2.c4 e6 3.Nc3 c5 4.d5 exd5 5.cxd5 d6 6.Nf3 g6 7.Bf4 a6 8.e4 Bg7
9.Qa4+ Bd7 10.Qb3 Bc8 11.a4 O-O 12.Be2 Re8 13.Nd2 Qc7 14.O-O Ng4 15.Nc4 Ne5
16.Nb6 Ra7 17.a5 Nbd7 18.Nca4 Qd8 19.f3 f6 20.Rac1 g5 21.Bg3 Nf7 22.Qc2 Nxb6
23.Nxb6 Bd7 24.b4 cxb4 25.Qb3 f5 26.Qxb4 fxe4 27.fxe4 Bb5 28.Bxb5 axb5 29.Qxb5 Qb8
30.Qd7 Bd4+ 31.Kh1 Ne5 32.Bxe5 Bxe5 33.Rc7  1-0

[Event "XXVII Open"]
[Site "Zalakarosi HUN"]
[Date "2008.05.30"]
[Round "9"]
[White "Zakharchenko,A"]
[Black "Rapport,R"]
[Result "1/2-1/2"]
[WhiteElo "2281"]
[BlackElo "2225"]

1.d4 Nf6 2.c4 e6 3.Nc3 c5 4.d5 exd5 5.cxd5 d6 6.Nf3 g6 7.Bf4 a6 8.e4 b5 9.Bd3 Bg7
10.O-O O-O 11.a3 Bg4 12.h3 Bxf3 13.Qxf3 Qc7 14.Rfe1 Nbd7 15.Qg3 Ne5 16.Bxe5 dxe5
17.a4 c4 18.Bf1 Rab8 19.axb5 axb5 20.Ra6 Rb6 21.Rxb6 Qxb6 22.b3 b4 23.Na4 Qd4
24.Bxc4 Nxe4 25.Qe3 Nd6 26.Qxd4 exd4 27.Bd3 Rc8 28.g3 Bf6 29.Kg2 Rc7 30.Kf3 Kf8
31.Re2 Rc1 32.Rc2 Rxc2 33.Bxc2 Nb7 34.Nb2 Ke7 35.Nd3 Kd6 36.Nxb4 Nc5 37.Ke2 Bd8
38.Nc6 Bf6 39.Nb4 Bd8 40.Na2 Kxd5 41.b4 Ne6 42.Kd3 Bb6 43.Bb3+ Kc6 44.Ba4+ Kd6
45.Nc1 Ng5 46.h4 Nf3 47.Ke2 Ne5 48.Nd3 h6 49.Nxe5 Kxe5 50.Kd3 g5 51.hxg5 hxg5  1/2-1/2

[Event "XXX Nezhmetdinov Mem"]
[Site "Kazan RUS"]
[Date "2008.06.01"]
[Round "1"]
[White "Aleksandrov,A"]
[Black "Turebaeva,A"]
[Result "1-0"]
[WhiteElo "2582"]
[BlackElo "2219"]

1.d4 Nf6 2.c4 c5 3.d5 e6 4.Nc3 exd5 5.cxd5 d6 6.Nf3 g6 7.Bf4 a6 8.a4 Bg7
9.h3 O-O 10.e3 Re8 11.Nd2 Nh5 12.Bh2 Be5 13.Bxe5 Rxe5 14.Be2 Ng7 15.Nc4 Re8
16.O-O Qf6 17.e4 Nd7 18.f4 Qe7 19.Qb3 Rb8 20.Rae1 f6 21.a5 Kh8 22.Bd3 g5
23.fxg5 fxg5 24.Na4 Ne5 25.Nab6 Nh5 26.Bc2 Nf4 27.Qc3 Ng6 28.Ne3 Bd7 29.Kh2 Bb5
30.Rf2 Rf8 31.Nf5 Qf6 32.Re3 Rbd8 33.b4 c4 34.g3 Nd3 35.Qxf6+ Rxf6 36.Bxd3 cxd3
37.Kg2 Ne5 38.Rd2 Rf7 39.Nd4 Rc7 40.Ne6 Rc2 41.Rxc2 dxc2 42.Rc3 Re8 43.Rxc2 Bd3
44.Rc7 Bxe4+ 45.Kf2 Bxd5 46.Nxd5 Rxe6 47.Rxb7 Nd3+ 48.Kf3 h5 49.Ne3 Ne1+
50.Kf2 Nd3+ 51.Ke2 Nc1+ 52.Kf3 Rf6+ 53.Kg2 Nd3 54.b5 Nc5 55.bxa6 Nxa6 56.Rb6 Nc7
57.a6 Re6 58.Nc4 Re2+ 59.Kf3 Rc2 60.Ne3 Rc3 61.Rb8+ Kg7 62.a7 Kf6 63.Rc8  1-0

[Event "ch-CHN"]
[Site "Beijing CHN"]
[Date "2008.06.04"]
[Round "7"]
[White "Ding Liren"]
[Black "Zhou Weiqi"]
[Result "1/2-1/2"]
[WhiteElo "2395"]
[BlackElo "2560"]

1.d4 Nf6 2.c4 e6 3.Nf3 c5 4.d5 exd5 5.cxd5 d6 6.Nc3 g6 7.g3 Bg7 8.Bg2 O-O
9.O-O Re8 10.Bf4 Nh5 11.Bg5 f6 12.Bd2 Na6 13.e4 f5 14.exf5 Bxf5 15.Ng5 Nf6
16.Ne6 Qb6 17.Na4 Qb5 18.Nxg7 Kxg7 19.Bc3 Kf7 20.b3 Qe2 21.Qc1 Nb4 22.Qh6 Nd3
23.Qh4 Nh5 24.h3 b5 25.g4 bxa4 26.gxh5 Qe7 27.hxg6+ Bxg6 28.Qh6 Qf8 29.Qg5 Qe7
30.Qh6 Qf8 31.Qg5 Qe7 32.Qh6 Qf8  1/2-1/2

[Event "XXX Nezhmetdinov Mem"]
[Site "Kazan RUS"]
[Date "2008.06.07"]
[Round "7"]
[White "Iskusnyh,S"]
[Black "Ibraev,V"]
[Result "0-1"]
[WhiteElo "2467"]
[BlackElo "2277"]

1.d4 Nf6 2.c4 c5 3.d5 e6 4.Nc3 exd5 5.cxd5 d6 6.Nf3 g6 7.e4 Bg4 8.Qa4+ Bd7
9.Qc2 Bg7 10.Nd2 O-O 11.Be2 a6 12.a4 Bg4 13.f3 Bc8 14.O-O Nbd7 15.Nc4 Ne8
16.f4 Nb6 17.Ne3 Rb8 18.Bd2 Bd7 19.Rab1 a5 20.Kh1 Nc7 21.b3 Nc8 22.Nc4 Na6
23.Na2 Nb4 24.Nxb4 axb4 25.f5 b5 26.axb5 Bxb5 27.Rf3 Bxc4 28.Bxc4 Ra8 29.Rbf1 Ra1
30.Rxa1 Bxa1 31.Bh6 Re8 32.Bb5 Qh4 33.Rf1 Be5 34.g3 Qh3 35.Qf2 Re7 36.Bd2 gxf5
37.exf5 f6 38.Qf3 Rg7 39.Rg1 Qg4 40.Qd3 Ra7 41.Bf4 Ra2 42.Qe3 Qxf5 43.Be2 Qc2
44.Re1 Qc3 45.Qf2 Ne7 46.Rf1 Bd4 47.Qg2 Qc2 48.Re1 Bc3 49.Qh3 Qe4+ 50.Kg1 Bd4+  0-1

[Event "ch-CHN"]
[Site "Beijing CHN"]
[Date "2008.06.08"]
[Round "11"]
[White "Li Shilong"]
[Black "Zhou Weiqi"]
[Result "0-1"]
[WhiteElo "2512"]
[BlackElo "2560"]

1.d4 Nf6 2.c4 e6 3.Nf3 c5 4.d5 exd5 5.cxd5 d6 6.Nc3 g6 7.e4 a6 8.h3 b5 9.Bd3 Bg7
10.O-O Nbd7 11.Bf4 Qe7 12.Qd2 O-O 13.Rae1 Bb7 14.b3 Rac8 15.Bc2 Nb6 16.Bg5 Qc7
17.Bh6 Rfe8 18.Bxg7 Kxg7 19.Re3 Qe7 20.Ne2 Nbd7 21.Ng3 Kg8 22.a4 Ne5 23.Rb1 Rb8
24.Nxe5 Qxe5 25.b4 Rbc8 26.axb5 axb5 27.Ne2  0-1

[Event "XXX Nezhmetdinov Mem"]
[Site "Kazan RUS"]
[Date "2008.06.09"]
[Round "9"]
[White "Bashkirov,A"]
[Black "Kamov,I"]
[Result "0-1"]
[WhiteElo "2133"]
[BlackElo "2252"]

1.d4 e6 2.c4 Nf6 3.Nf3 c5 4.d5 exd5 5.cxd5 d6 6.Nc3 g6 7.g3 Bg7 8.Bg2 O-O
9.O-O Na6 10.e4 Bg4 11.h3 Bxf3 12.Qxf3 Nd7 13.Qe2 Rb8 14.Nb5 Qb6 15.Na3 Qc7
16.Nb5 Qb6 17.Na3 Nc7 18.Nc4 Qa6 19.Bf4 Be5 20.Rfe1 Bxf4 21.gxf4 Nb5 22.Qg4 Nf6
23.Qh4 Nh5 24.Bf1 Nd4 25.Re3 b5 26.Na3 Qb6 27.Be2 Nxe2+ 28.Rxe2 Qd8 29.Qg5 Qxg5+
30.fxg5 Nf4 31.Re3 Rfe8 32.Kh2 Nh5 33.Rf1 a6 34.h4 Re7 35.Kg2 Rbe8 36.Kf3 Re5
37.Rfe1 f5 38.exf5 Rxf5+ 39.Kg4 Rxe3 40.fxe3 Rxd5 41.Re2 Rd1 42.Rg2 Kf7 43.Nc2 Ke6
44.e4 Ke5 45.Rf2 Rg1+ 46.Kf3 Rg3+ 47.Ke2 Kxe4 48.Rf7 Nf4+ 49.Kd1 Rg1+ 50.Kd2 Rg2+
51.Kd1 Rh2 52.Re7+ Kf3 53.Rxh7 d5 54.b4 c4 55.Ra7 c3 56.Re7 Rd2+ 57.Kc1 Nd3+  0-1

[Event "ch-Panamerican U20 Girls"]
[Site "Cali COL"]
[Date "2008.06.14"]
[Round "8"]
[White "Cori T.,D"]
[Black "Aliaga Fernandez,I"]
[Result "1/2-1/2"]
[WhiteElo "2208"]
[BlackElo "2097"]

1.d4 Nf6 2.Nf3 e6 3.c4 c5 4.d5 exd5 5.cxd5 d6 6.Nc3 g6 7.g3 Bg7 8.Bg2 O-O
9.O-O a6 10.a4 Re8 11.Nd2 Nbd7 12.a5 b5 13.axb6 Nxb6 14.h3 Bd7 15.Nb3 Nc4
16.Nd2 Nb6 17.Nb3 Qc8 18.Bf4 Nc4 19.Nd2 Nxd2 20.Qxd2 Qb8 21.e4 Nh5 22.Be3 Bb5
23.Rfe1 Nf6 24.Bf4 Nh5 25.Be3 Nf6 26.Bf4  1/2-1/2

[Event "Open"]
[Site "Teplice CZE"]
[Date "2008.06.16"]
[Round "3"]
[White "Spirin,O"]
[Black "Chmelik,J"]
[Result "1/2-1/2"]
[WhiteElo "2430"]
[BlackElo "2128"]

1.d4 Nf6 2.c4 e6 3.Nc3 c5 4.d5 exd5 5.cxd5 d6 6.Nf3 g6 7.g3 Bg7 8.Bg2 O-O
9.O-O Re8 10.Bf4 a6 11.a4 Qc7 12.Rc1 Nbd7 13.h3 Nh5 14.Bd2 Rb8 15.Re1 b5
16.b4 Qb6 17.a5 Qa7 18.e4 Ne5 19.Nxe5 Bxe5 20.Be3 Qe7 21.Ne2 c4 22.Bd4 g5
23.Qd2 Qf6 24.Rf1 Bd7 25.Be3 c3 26.Nxc3 Nf4 27.Rfe1 Nxh3+ 28.Bxh3 Bxh3 29.f4 Bxc3
30.Qxc3 Qxc3 31.Rxc3 Rxe4 32.fxg5 Rbe8 33.Rb3 R8e5 34.Kf2 Rxd5 35.Bf4 Rxe1
36.Kxe1 Be6 37.Rc3 Rd4 38.Rc6 Rxb4 39.Rxd6 Kg7 40.Rxa6 Ra4 41.Bd2 b4 42.Rb6 Rxa5
43.Rxb4 Kg6 44.Rh4 Ra3 45.Rh6+ Kf5 46.Bf4 Kg4 47.Rxh7 Ra2 48.Rh8 Kf3 49.Kd1 Bf5
50.Rb8 Kg4 51.Rb4 Bg6 52.Kc1 Rc2+ 53.Kd1 Ra2 54.Rc4 Bd3 55.Rc3 Bg6 56.Bd2 Bh5
57.Kc1 Bg6 58.Bf4 Rg2 59.Rc6 Rf2 60.Rc4 Rg2 61.Rb4 Kf5 62.Kd1 Bh5+ 63.Kc1 Bg6
64.Rb6 Kg4 65.Rc6 Ra2 66.Rc4 Rg2 67.Rc3 Ra2  1/2-1/2

[Event "Open"]
[Site "Teplice CZE"]
[Date "2008.06.19"]
[Round "6"]
[White "Chmelik,J"]
[Black "Bilek,B"]
[Result "1-0"]
[WhiteElo "2128"]
[BlackElo "1857"]

1.d4 Nf6 2.Nf3 e6 3.c4 c5 4.d5 exd5 5.cxd5 d6 6.Nc3 g6 7.e4 Bg7 8.h3 O-O
9.Bd3 Re8 10.O-O a6 11.a4 Nbd7 12.Bf4 c4 13.Bc2 Nc5 14.Re1 Qb6 15.Ra2 Qc7
16.Nd2 Nd3 17.Bxd3 cxd3 18.Qf3 Nh5 19.Bh2 f5 20.Qxd3 fxe4 21.Ndxe4 Be5 22.g4 Ng7
23.Bxe5 Rxe5 24.Nf6+ Kh8 25.Rxe5 dxe5 26.d6 e4 27.Qd4 Qf7 28.d7 Bxd7 29.Nxd7 h5
30.Ne5 Qf6 31.Nxe4 Qe6 32.Ra3 Re8 33.Ng5 Qe7 34.Nxg6+  1-0

[Event "8th TCh-Euro U18"]
[Site "Szeged HUN"]
[Date "2008.06.20"]
[Round "6"]
[White "Toth,E"]
[Black "Chirila,I"]
[Result "1-0"]
[WhiteElo "2407"]
[BlackElo "2422"]

1.d4 Nf6 2.c4 c5 3.d5 e6 4.Nc3 exd5 5.cxd5 d6 6.Nf3 g6 7.Nd2 a6 8.a4 Nbd7
9.e4 Bg7 10.Be2 O-O 11.O-O Re8 12.h3 Nf8 13.Qc2 N6d7 14.f4 f5 15.Bd3 fxe4
16.Ndxe4 Nf6 17.Ng5 Qc7 18.b3 Nh5 19.Kh2 Bf5 20.g4 Bxd3 21.Qxd3 c4 22.bxc4 Rac8
23.Ra2 Nf6 24.Nce4 Nxe4 25.Nxe4 Re7 26.Rc2 Rce8 27.Re1 Nd7 28.Ba3 Qa5 29.Rce2 Nf6
30.Nxd6 Qc3 31.Qxc3 Rxe2+ 32.Rxe2 Rxe2+ 33.Kg1 Nxg4 34.Qd3 Re3 35.Qxe3 Nxe3
36.Bc5 Bf8 37.Bxe3 Bxd6 38.c5 Bb8 39.Kg2 Kf7 40.Kf3 Ke7 41.Kg4 Kf7 42.Bd4 Ke7
43.Be5 Ba7 44.c6 bxc6 45.dxc6  1-0

[Event "White Nights Open"]
[Site "St Petersburg RUS"]
[Date "2008.06.25"]
[Round "5"]
[White "Averjanov,S"]
[Black "Lupik,M"]
[Result "0-1"]
[WhiteElo "2027"]
[BlackElo "2129"]

1.d4 Nf6 2.c4 e6 3.Nf3 c5 4.d5 exd5 5.cxd5 d6 6.Nc3 g6 7.e4 Bg7 8.Bb5+ Nbd7
9.a4 O-O 10.O-O a6 11.Bd3 Re8 12.Re1 Ne5 13.Nxe5 Rxe5 14.Bf4 Re8 15.Qd2 Ng4
16.h3 Ne5 17.Be2 Rb8 18.Be3 Qc7 19.f4 Nd7 20.Bf3 b5 21.axb5 axb5 22.e5 dxe5
23.d6 Qd8 24.Nd5 Bb7 25.Ne7+ Kh8 26.Bxb7 Rxb7 27.Qd5 Rb6 28.Bxc5 Nxc5 29.Qxc5 Rxd6
30.Nc6 Qc7 31.Ra6 Rc8 32.Rc1 exf4 33.Qxb5 Bd4+ 34.Kf1 Be3 35.Rc2 Rd1+ 36.Ke2 Qd6
37.Qe5+ Qxe5 38.Nxe5 Rxc2+ 39.Kxd1 Rxb2 40.Nxf7+ Kg7 41.Ng5 Rd2+ 42.Ke1 Rxg2
43.Ne6+ Kh6 44.Ra4 Rh2 45.Nxf4 Bxf4 46.Rxf4 Rxh3 47.Kf2 g5 48.Rf7 Kg6 49.Rf8 h5
50.Kg2 Rb3 51.Ra8 g4 52.Ra5 Rf3 53.Rb5 Rf5 54.Rb8 Kg5 55.Rg8+ Kh4 56.Ra8 Rb5
57.Ra2 Rb4 58.Rc2 g3 59.Rc5 Kg4 60.Rc8 Rb2+  0-1

[Event "1st Tournoi Circuit Espoirs Europe"]
[Site "Lyon FRA"]
[Date "2008.06.27"]
[Round "3"]
[White "Sachdev,T"]
[Black "Edouard,R"]
[Result "0-1"]
[WhiteElo "2423"]
[BlackElo "2509"]

1.d4 Nf6 2.Nf3 e6 3.c4 c5 4.d5 d6 5.Nc3 exd5 6.cxd5 g6 7.h3 a6 8.a4 Qe7 9.Bg5 Bg7
10.e3 O-O 11.Bd3 Nbd7 12.O-O Rb8 13.Re1 Ne5 14.Bf1 h6 15.Bf4 Nxf3+ 16.Qxf3 Nd7
17.a5 b5 18.axb6 Rxb6 19.Na4 Rb4 20.e4 Ne5 21.Qg3 Bd7 22.Nc3 Bb5 23.Ra2 Rb3
24.Bc1 Qb7 25.Qh4 g5 26.Qh5 Bxf1 27.Rxf1 Nd3 28.Qe2 c4 29.h4 gxh4 30.Qg4 Nxc1
31.Rxc1 Rxb2 32.Ra4 Qb6 33.Nd1 c3 34.Rxc3 h5 35.Qg5 Re2 36.Kh2 Re1 37.Rd3 Re8
38.Qd2 Be5+ 39.f4 Qg1+  0-1

[Event "1st Tournoi Circuit Espoirs Europe"]
[Site "Lyon FRA"]
[Date "2008.06.28"]
[Round "11"]
[White "Sachdev,T"]
[Black "Edouard,R"]
[Result "0-1"]
[WhiteElo "2423"]
[BlackElo "2509"]

1.d4 Nf6 2.Nf3 e6 3.c4 c5 4.d5 d6 5.Nc3 exd5 6.cxd5 a6 7.a4 Qe7 8.h3 g6 9.Bf4 Nbd7
10.Nd2 Ne5 11.e3 Bg7 12.Bxe5 Qxe5 13.Nc4 Qe7 14.Be2 O-O 15.Qb3 Nd7 16.O-O Rb8
17.a5 Ne5 18.Nb6 Nd7 19.Rfd1 Nxb6 20.Qxb6 Bd7 21.Bd3 f5 22.Re1 Be5 23.f4 Bf6
24.Nb1 Bd4 25.Nd2 Bg7 26.Nc4 Bb5 27.Rab1 Bf6 28.Bf1 Rfd8 29.Na3 Bh4 30.Bxb5 Bxe1
31.Rxe1 axb5 32.Qxb5 Qe4 33.Qb3 Re8 34.Nb5 c4 35.Qc3 Qxd5 36.Nc7 Qc5 37.Nxe8 Rxe8
38.Kf2 Re4 39.Kf3 Qc6 40.Kf2 Qc5 41.Kf3 d5 42.Qf6 d4 43.Qd8+ Kg7 44.Qd7+ Re7
45.Qd8 dxe3 46.Re2 Qc6+ 47.Kg3 Qe4 48.Qb6 h5 49.h4 Qd3 50.Qc5 Kf7 51.Re1 e2+
52.Kh2 Qe4 53.g3 Qd3 54.Kh3 Qe4 55.Qf2 Kg7 56.Qc5 Kh7 57.Qf2 Qe3 58.Qg2 Re4
59.Kh2 Qd2 60.Qf2 Qxb2 61.Qc5 Qg7 62.Qb4 c3 63.Qb3 Qc7 64.Qc2 Qc4 65.Qb1 Re7
66.Qb6 c2 67.Qf6 Qe4 68.Qb2 Qe3 69.Kg2 Qe4+ 70.Kh2 Qe3 71.Qc1 Qxc1  0-1

[Event "XII Izmailov Mem"]
[Site "Tomsk RUS"]
[Date "2008.06.28"]
[Round "4"]
[White "Saveljev,A"]
[Black "Ismailov,M"]
[Result "0-1"]
[WhiteElo "2202"]
[BlackElo "1915"]

1.d4 Nf6 2.c4 e6 3.Nc3 c5 4.d5 exd5 5.cxd5 d6 6.Nf3 g6 7.e4 Bg7 8.h3 O-O
9.Bd3 a6 10.Qc2 b5 11.O-O Nbd7 12.Bg5 h6 13.Bf4 Qe7 14.Qd2 Kh7 15.Rae1 Ne5
16.Nxe5 dxe5 17.Be3 Nd7 18.f4 exf4 19.Bxf4 Ne5 20.Bxe5 Bxe5 21.Rf3 Bd7 22.Ne2 Rac8
23.Ref1 Kg7 24.Bb1 b4 25.Kh1 a5 26.Bd3 c4 27.Bb1 Bb5 28.Rc1 Qa7 29.Nf4 Qd4
30.Qxd4 Bxd4 31.Rc2 a4 32.g3 b3 33.Re2 Bxb2 34.Rxb2 c3 35.Rc2 bxc2 36.Bxc2 a3
37.e5 Rfe8 38.Re3 Bc4 39.Rxc3 Bxa2 40.Rxa3 Rxc2  0-1

[Event "Sparkassen Open"]
[Site "Dortmund GER"]
[Date "2008.07.01"]
[Round "2"]
[White "Overbeck,T"]
[Black "Lang,D"]
[Result "1/2-1/2"]
[WhiteElo "2185"]
[BlackElo "2051"]

1.d4 Nf6 2.c4 e6 3.Nc3 c5 4.d5 exd5 5.cxd5 d6 6.Nf3 g6 7.h3 Bg7 8.e4 O-O
9.Bd3 b5 10.Bxb5 Nxe4 11.Nxe4 Qa5+ 12.Nfd2 Qxb5 13.Nxd6 Qa6 14.N2c4 Nd7 15.O-O Nb6
16.Nxb6 axb6 17.Bg5 Bd7 18.Be7 Rfb8 19.Ne4 Qb7 20.Bf6 Ra4 21.Bxg7 Kxg7 22.Qf3 Bf5
23.Nc3 Rd4 24.Rad1 Bc2 25.Rc1 Bd3 26.Rfd1 Qa6 27.Re1 b5 28.Re7 Qf6 29.Qe3 Bc4
30.Re8 Rxe8 31.Qxe8 b4 32.Ne4 Qf4 33.Re1 Bxd5 34.Nxc5 Rd2 35.Qe5+ Qxe5 36.Rxe5 Bxa2
37.b3 Rb2  1/2-1/2

[Event "TCh-TUR"]
[Site "Kocaeli TUR"]
[Date "2008.07.01"]
[Round "14"]
[White "Ipek,A"]
[Black "Erdogan,H"]
[Result "0-1"]
[WhiteElo "2197"]
[BlackElo "2282"]

1.d4 Nf6 2.Nf3 c5 3.d5 e6 4.c4 exd5 5.cxd5 d6 6.Nc3 g6 7.e4 Bg7 8.Bd3 O-O
9.O-O a6 10.a4 Bg4 11.h3 Bxf3 12.Qxf3 Nbd7 13.Qe2 Qc7 14.Bg5 h6 15.Be3 Rae8
16.g4 Ne5 17.Bc2 g5 18.f4 gxf4 19.Rxf4 Ng6 20.Rf2 Nh7 21.Raf1 Ng5 22.Rh2 Nh4
23.Bf4 Qb6 24.Bb1 Bxc3 25.bxc3 Nhf3+ 26.Kh1 Nxh2 27.Kxh2 f6 28.h4 Nf7 29.Be3 Kg7
30.Qf2 Qd8 31.e5 Rxe5 32.Qc2 f5 33.Bf2 Rfe8 34.gxf5 Re2 35.f6+ Qxf6 36.Qh7+ Kf8
37.Bf5 Qxh4+ 38.Kg2 Qg5+ 39.Kh2 R8e3 40.Qg6 Rf3  0-1

[Event "Atlantis Promotiegroep"]
[Site "Groningen NED"]
[Date "2008.07.02"]
[Round "6"]
[White "Balje,J"]
[Black "Van der Marel,B"]
[Result "1/2-1/2"]
[WhiteElo "2197"]
[BlackElo "2223"]

1.d4 Nf6 2.c4 e6 3.Nf3 c5 4.d5 exd5 5.cxd5 d6 6.Nc3 g6 7.e4 Bg7 8.h3 O-O
9.Bd3 a6 10.a4 Nbd7 11.O-O Ne8 12.Bf4 Ne5 13.Nxe5 Bxe5 14.Bxe5 dxe5 15.a5 Nd6
16.Qd2 Bd7 17.Na4 c4 18.Bc2 Bb5 19.Qc3 Qe7 20.Rae1 f6 21.Nc5 Rfc8 22.Na4 Bxa4
23.Bxa4 g5 24.Qb4 Qc7 25.Qc3 Qc5 26.h4 h6 27.hxg5 hxg5 28.Qh3 Rc7 29.Qh6 Rf8
30.Re3 Rh7 31.Qg6+ Rg7 32.Qh6 Qxa5 33.Bd1 g4 34.Rg3 Nxe4 35.Rxg4 Ng5 36.Rxc4 Nf7
37.Qh3 Ng5 38.Qh5 Rh7 39.Qg6+ Rg7  1/2-1/2

[Event "CSOB IM CUP"]
[Site "Mlada Boleslav CZE"]
[Date "2008.07.02"]
[Round "8"]
[White "Vichnar,D"]
[Black "Pribyl,Jo"]
[Result "1-0"]
[WhiteElo "2213"]
[BlackElo "2397"]

1.d4 Nf6 2.Nf3 e6 3.c4 c5 4.d5 exd5 5.cxd5 d6 6.Nc3 g6 7.e4 Bg7 8.Be2 O-O
9.O-O Re8 10.Qc2 Na6 11.Bf4 Nc7 12.Rfe1 a6 13.a4 Rb8 14.a5 Bg4 15.Nd2 Bxe2
16.Rxe2 Nb5 17.Qd3 Nh5 18.Be3 Nxc3 19.bxc3 Qf6 20.Rc1 Nf4 21.Bxf4 Qxf4 22.g3 Qf6
23.Nc4 Rbd8 24.f4 h5 25.e5 dxe5 26.fxe5 Qg5 27.Rce1 h4 28.d6 hxg3 29.Qxg3 Qxg3+
30.hxg3 Re6 31.Rb1 Rd7 32.Nb6 Rdxd6 33.exd6 Rxe2 34.Nd5 Re6 35.Rb6 Bh6 36.d7 Bg5
37.Rxb7 Rd6 38.Nb6 Kg7 39.Kg2 Rd3 40.c4 Bd8 41.Ra7 Rd6 42.Kf3 Kf6 43.Rxa6 Ke5
44.Ke3 f5 45.Ra8 Bg5+ 46.Ke2 Kd4 47.Rb8 Kc3 48.a6 Rd2+ 49.Kf3 Rd3+ 50.Kg2 Rd2+
51.Kh3 Ra2 52.Nd5+ Kxc4 53.Nc7 Ra3 54.Rb7 Bf4 55.Kg2 Rxg3+ 56.Kf2 Rd3 57.a7 Rd2+
58.Ke1 Rxd7 59.a8=Q Re7+ 60.Kf1 Bxc7 61.Qa7 Re5 62.Rxc7 g5 63.Qa4+ Kd3 64.Rd7+ Ke3
65.Qc4 Re4 66.Qxc5+ Kf4 67.Rd5  1-0

[Event "60th ch-MNE Women"]
[Site "Cetinje MNE"]
[Date "2008.07.08"]
[Round "2"]
[White "Bubanja,M"]
[Black "Misovic,S"]
[Result "0-1"]
[WhiteElo "1753"]
[BlackElo "1914"]

1.d4 Nf6 2.c4 e6 3.Nf3 c5 4.d5 exd5 5.cxd5 d6 6.Nc3 g6 7.e4 Bg7 8.Bd3 O-O
9.Nd2 Re8 10.O-O a6 11.a4 Nbd7 12.Nc4 Nb6 13.Nd2 Nbd7 14.Nc4 Ne5 15.Nxe5 Rxe5
16.Bf4 Re8 17.Qd2 Nh5 18.Bg5 Qc7 19.f3 Bd7 20.g4 Bd4+ 21.Be3 Bxe3+ 22.Qxe3 Ng7
23.Qf4 c4 24.Be2 b5 25.axb5 axb5 26.Na2 Ra7 27.Nb4 Rxa1 28.Rxa1 Qc5+ 29.Kh1 Qxb4
30.Ra7 Qe1+ 31.Kg2 Qxe2+ 32.Kg1 Rd8 33.Rb7 Be8 34.Qf6 Ra8  0-1

[Event "Heart of Finland"]
[Site "Jyvaskyla FIN"]
[Date "2008.07.13"]
[Round "3"]
[White "Pursiainen,E"]
[Black "Tiitta,S"]
[Result "0-1"]
[WhiteElo "1957"]
[BlackElo "2204"]

1.d4 c5 2.d5 Nf6 3.c4 e6 4.Nc3 exd5 5.cxd5 d6 6.Nf3 g6 7.g3 Bg7 8.Bg2 O-O
9.O-O a6 10.a4 Nbd7 11.Nd2 Nh5 12.e4 Ne5 13.Qc2 f5 14.f4 Ng4 15.Nc4 Bd4+
16.Kh1 Qe7 17.e5 Qg7 18.Bh3 dxe5 19.Bxg4 fxg4 20.Nd6 exf4 21.gxf4 g3 22.Nxc8 gxh2
23.Nd6 Ng3+  0-1

[Event "Maestro Open"]
[Site "Berdsk RUS"]
[Date "2008.07.16"]
[Round "9"]
[White "Korobkin,M"]
[Black "Agafonov,A"]
[Result "1-0"]
[WhiteElo "2363"]
[BlackElo "2149"]

1.d4 Nf6 2.Nf3 c5 3.d5 e6 4.c4 exd5 5.cxd5 d6 6.Nc3 g6 7.Bf4 Bg7 8.Qa4+ Bd7
9.Qb3 Qc7 10.h3 O-O 11.Nd2 b5 12.a4 bxa4 13.Qa3 Na6 14.e4 Nb4 15.Rc1 Rfe8
16.Be2 Rab8 17.O-O a6 18.Rfe1 Bf8 19.Bh2 Qd8 20.Bf1 Bb5 21.Nc4 Rb7 22.f3 Rd7
23.g4 h5 24.Bf4 Nh7 25.Kg2 Qf6 26.Bd2 Bxc4 27.Bxc4 Bg7 28.Be3 Qh4 29.Qxa4 Rde7
30.Bf2 Qf6 31.Bg3 Bh6 32.Rcd1 h4 33.Bf2 Bf4 34.Qb3 g5 35.Ra1 Rf8 36.Bxa6 Nxa6
37.Rxa6 Be5 38.Ne2 Rc8 39.Rc1 Rec7 40.Rc2  1-0

[Event "XIII Open"]
[Site "Balaguer ESP"]
[Date "2008.07.17"]
[Round "4"]
[White "Delchev,A"]
[Black "Kovacevic,Sl"]
[Result "1-0"]
[WhiteElo "2618"]
[BlackElo "2417"]

1.d4 Nf6 2.c4 e6 3.Nf3 c5 4.d5 exd5 5.cxd5 d6 6.Nc3 g6 7.Nd2 Nbd7 8.e4 Bg7
9.Be2 O-O 10.O-O Re8 11.a4 Ne5 12.Qc2 g5 13.Re1 a6 14.Nf1 h6 15.Ng3 Ng6 16.Nd1 b6
17.Ne3 Nh4 18.Bd2 Rb8 19.Ra3 Qe7 20.Bc3 b5 21.axb5 axb5 22.b4 c4 23.Qb2 Rd8
24.Rea1 Ne8 25.Bxg7 Nxg7 26.Bg4 Rb7 27.Bxc8 Rxc8 28.Ng4 Kh7 29.Ra6 Ng6 30.Rc6 Rd8
31.Qf6 Ne8 32.Qxe7 Nxe7 33.Rca6 Ng6 34.Nf5 h5 35.Nge3 Ne5 36.f3 Nd3 37.Nc2 Kg6
38.Ra8 Rbd7 39.Ne7+ Kg7 40.Nc6 Rxa8 41.Rxa8 Nf6 42.Rb8 h4 43.h3 Nh5 44.Rxb5 f5
45.exf5 Ng3 46.Rb8 Nf4 47.b5 Nxd5 48.b6 Nxb6 49.Rxb6 Nxf5 50.Kf2 Kf7 51.Ne3 Ng7
52.Nxc4 Ne6 53.N4e5+ dxe5 54.Nxe5+ Ke7 55.Nxd7 Kxd7 56.Rb5 Ke7 57.Rf5 Kd6
58.Ke3 Ke7 59.Ke4 Kd6 60.Rd5+ Ke7 61.Kf5 Nf4 62.Rd2  1-0

[Event "Kings Gambit B"]
[Site "Lipetsk RUS"]
[Date "2008.07.18"]
[Round "10"]
[White "Kovalenko,I"]
[Black "Venevtsev,A"]
[Result "1-0"]
[WhiteElo "2415"]
[BlackElo "2237"]

1.d4 Nf6 2.c4 c5 3.d5 e6 4.Nc3 exd5 5.cxd5 d6 6.Nf3 g6 7.Bf4 Bg7 8.Qa4+ Bd7
9.Qb3 Qc7 10.e4 O-O 11.Nd2 Re8 12.Be2 Na6 13.O-O Rad8 14.Rfe1 Nb8 15.h3 a6
16.a4 Bc8 17.a5 Nfd7 18.Nc4 Ne5 19.Ne3 Nbd7 20.Bg5 f6 21.Bf4 g5 22.Bg3 Ng6
23.Bg4 Nde5 24.Bxc8 Rxc8 25.Nf5 Bf8 26.Re3 h5 27.Ne2 Ne7 28.Bxe5 Nxf5 29.exf5 c4
30.Qd1 dxe5 31.Nc3 Bc5 32.Ne4 Qf7 33.Rc3 Red8 34.Rac1 Bb4 35.Rxc4 Rxc4 36.Rxc4 Bxa5
37.Qb3 Kg7 38.Rc5 b6 39.Rc6 Rxd5 40.Rxf6 Qd7 41.Rg6+ Kf8 42.Qa3+  1-0

[Event "19th Czech Jihlavanka B Open"]
[Site "Pardubice CZE"]
[Date "2008.07.18"]
[Round "1"]
[White "Nedochetov,M"]
[Black "Johansson,An"]
[Result "1-0"]
[WhiteElo "2354"]
[BlackElo "2036"]

1.d4 Nf6 2.Nf3 c5 3.d5 e6 4.c4 d6 5.Nc3 exd5 6.cxd5 g6 7.e4 a6 8.a4 Bg4 9.Qb3 Bxf3
10.Qxb7 Nbd7 11.gxf3 Bg7 12.Qb3 Nh5 13.Be3 Qh4 14.Qc2 Ne5 15.Be2 Nf4 16.Qd2 Bh6
17.Kd1 O-O 18.Kc2 Rfc8 19.Rhg1 c4 20.Rg4 Nxg4 21.Bxf4 Bxf4 22.Qxf4 Qxf2 23.Qxg4 Qxh2
24.f4 Re8 25.Qf3 Qh6 26.Bxc4 Qg7 27.Qd3 a5 28.Nb5 Qf6 29.Rf1 Kg7 30.Nc7 Reb8
31.e5 dxe5 32.Nxa8 exf4 33.Qc3 Rxa8 34.Rxf4 Qxc3+ 35.Kxc3 f5 36.d6 Kf6 37.Rd4 Rd8
38.d7 g5 39.Bb5 Ke5 40.Rd1 g4 41.Re1+ Kd6 42.Kd4  1-0